000 00224nam a2200085Ia 4500
008 120527s9999 xx 000 0 und d
100 _aNUC
245 _aA manual of uniform accounting systems for nigerian universi
942 _cBK
999 _c20961
_d20961